00869nam a22002177a 4500003000900000005001700009008004100026040002500067082001400092110006100106245011700167260003700284300002000321590002700341700005500368710006100423910001400484942001300498952012300511999001700634DO-SdBNP20251120073733.0110301s201u dr 000 0 spa d aDO-SdBNPbspacBNPHU axxxxbxxx2 aPontificia Universidad Católica Madre y Maestra 984300aProgramas de postgrado :bdoctorados, maestrías, especialidades /ccarta del rector Agripino Núñez Collado aSanto Domingo :bPUCMM,c[201-]. a95 p. :c29 cm. aInventariado, 2022/ YL12aNúñez Collado, Agripinod1933-2022erec.984572 aPontificia Universidad Católica Madre y Maestra 9843 aYLockward 2ddccLF2 00102ddc51708PDaBNPHUbBNPHUcHDd2017-01-03ePoder Judiciall0oxxxx xxxp2022-2777r2022-06-07w2022-06-07yLF2 c51948d51948